000 01035nam a2200289 i 4500
001 000036321
003 DO-SdBNP
005 20240503073631.0
007 ta
008 120113s1961 sp a 000 0 spa d
040 _aDO-SdBNP
_bspa
_cBNPHU
_erda
082 4 _222
_a863.3
_bC419i 1961
100 1 _aCervantes Saavedra, Miguel de,
_d1547-1616
_93070
245 1 3 _aEl ingenioso hidalgo don Quijote de la Mancha /
_cMiguel Cervantes Saavedra ; ilustraciones Ramón Aguilar Moré ; edición y notas Fernando Gutiérrez
264 _aBarcelona :
_bMarín,
_c1961.
300 _a2 volumen :
_bilustraciones ;
_c27 cm.
336 _2rdacontent
_atexto
_btxt
337 _2rdamedia
_asin mediación
_bn
338 _2rdacarrier
_avolumen
_bnc
590 _aInventariado, 2023/BT
650 4 _aNovela española
_91123
650 4 _aLiteratura española
_9632
700 1 _aGutiérrez, Fernando,
_eedición
_94139
700 1 _aAguilar Moré, Ramón,
_eilustraciones
_983210
910 _aValidado. Control de calidad MFF
942 _2ddc
_cLBS1
999 _c35812
_d35812